|
|
|
|
| LEADER |
00730cam a2200229 7i4500 |
| 001 |
0000026053 |
| 005 |
20110413090000.0 |
| 020 |
0 |
0 |
|a 9789675221408
|
| 090 |
0 |
0 |
|a M 632.09
|b FOR
|
| 110 |
2 |
0 |
|a Forest Research Institute Malaysia (FRIM)
|
| 245 |
2 |
0 |
|a Pests of planted mongroves in Paninsular Malaysia.
|
| 260 |
0 |
0 |
|a Selangor:
|b FRIM,
|c 2010.
|
| 300 |
# |
# |
|a 52p.
|
| 650 |
0 |
0 |
|a Mangrove plants --
|x Disenses and pests --
|z Malaysia
|
| 650 |
0 |
0 |
|a Invertabrate pests --
|z Malaysia
|
| 650 |
0 |
0 |
|a Vertebrate pests --
|z Malaysia
|
| 651 |
0 |
0 |
|a Malaysia
|
| 700 |
0 |
0 |
|a Ong,
|h Su-Ping
|
| 700 |
0 |
0 |
|a Cheng,
|h Shawn
|
| 700 |
0 |
0 |
|a Chong,
|h Ving-Ching
|
| 700 |
0 |
0 |
|a Tan,
|h Yee-Siang
|
| 999 |
|
|
|a 0000028250
|b Book
|c Malaysia
|e Business Information Centre
|